000 00328nam a22001337a 4500
008 190201b xxu||||| |||| 00| 0 eng d
020 _a2900470290759
041 _aeng
080 _a621
100 _a27
101 _aMEK
245 _aPrinciples of Highway Engineering and Traffic Analysis
_cMannering, F.L
942 _2udc
_cBK
999 _c53903
_d53903